G.W. Ireland

Na minha lista:
Detalhes bibliográficos
Autor principal: Gide, André
Formato: Livro
Idioma:Undetermined
Publicado em: Gran Bretaña Oliver and Boyd 1963
Assuntos:
Tags: Adicionar Tag
Sem tags, seja o primeiro a adicionar uma tag!

MARC

LEADER 00000nam a2200000Ia 4500
008 170316s9999 xx 000 0 und d
040 |a cru BVZT 
090 |a 840 G-6g 
100 |a Gide, André 
245 |a G.W. Ireland 
260 |a Gran Bretaña 
260 |b Oliver and Boyd 
260 |c 1963 
300 |a 120 páginas 
650 |a LITERATURA FRANCESA 
999 |c 7716  |d 7716 
942 |c 15 D  |h 840 G-6g  |2 z